[Event "GER-chT U16"]
[Site "Lingen"]
[Date "2015.12.27"]
[Round "2.2"]
[White "Karlisch, Moritz"]
[Black "Ramien, David"]
[Result "0-1"]
[WhiteElo "1786"]
[BlackElo "2088"]
[PlyCount "70"]
[EventDate "2015.12.27"]
[EventType "team-swiss"]
[EventRounds "7"]
[EventCountry "GER"]
[SourceTitle "EXT 2017"]
[Source "ChessBase"]
[SourceDate "2016.10.25"]
[SourceVersion "1"]
[SourceVersionDate "2016.10.25"]
[SourceQuality "1"]
[WhiteTeam "Kiel Doppelbauer"]
[BlackTeam "Porz SG"]
[WhiteTeamCountry "GER"]
[BlackTeamCountry "GER"]

1. d4 g6 2. c4 Bg7 3. Nc3 d6 4. Nf3 Nf6 5. e4 0-0 6. Be2 e5 7. d5 a5 8. Bg5 h6 9. Bh4 Na6 10. Nd2 Qe8 11. a3 Bd7 12. b3 Nh7 13. 0-0 f5 14. f3 Bf6 15. Bf2 Qe7 16. Rb1 Bh4 17. b4 Bxf2+ 18. Rxf2 axb4 19. axb4 Qg5 20. Qc2 Nf6 21. c5 dxc5 22. Bxa6 Rxa6 23. bxc5 Qe3 24. Nd1 Qa3 25. Rxb7 Ba4 26. Qb1 Qxc5 27. Nb3 Bxb3 28. Qxb3 Ra3 29. Qb2 fxe4 30. Qxe5 e3 31. Re2 Qxd5 32. Qxd5+ Nxd5 33. Kf1 Ra1 34. Re1 Re8 35. Rb2 Nf4 0-1

[Event "Heusenstamm Sparkassen op-A 2nd"]
[Site "Heusenstamm"]
[Date "2015.11.27"]
[Round "2"]
[White "Westphal, Norbert"]
[Black "Ramien, David"]
[Result "0-1"]
[WhiteElo "1987"]
[BlackElo "2140"]
[PlyCount "138"]
[EventDate "2015.11.26"]
[EventType "swiss"]
[EventRounds "7"]
[EventCountry "GER"]
[SourceTitle "EXT 2018"]
[Source "ChessBase"]
[SourceDate "2017.10.13"]
[SourceVersion "1"]
[SourceVersionDate "2017.10.13"]
[SourceQuality "1"]

1. d4 Nf6 2. c4 g6 3. Nc3 Bg7 4. e4 d6 5. Be2 0-0 6. Be3 Nbd7 7. Qd2 e5 8. d5 Nc5 9. Bxc5 dxc5 10. Nf3 Ne8 11. h4 h6 12. Bd3 a6 13. h5 g5 14. 0-0-0 Nd6 15. Qe3 b6 16. Rde1 Bb7 17. Nd2 Qb8 18. f3 Qa7 19. Nb3 Rfb8 20. Re2 Bf8 21. g3 b5 22. Na5 Qb6 23. Nc6 Bxc6 24. dxc6 Qxc6 25. cxb5 axb5 26. Bb1 b4 27. Nd5 Nb5 28. f4 Nd4 29. Rf2 b3 30. a3 exf4 31. gxf4 g4 32. Nc3 f5 33. Rg1 Bg7 34. Qg3 Re8 35. exf5 Nf3 36. Be4 Rxe4 37. Rxf3 Re1+ 38. Rxe1 Qxf3 39. Qxf3 gxf3 40. Rf1 Bxc3 41. bxc3 Rxa3 42. Kb2 Ra4 43. Rxf3 c4 44. Rg3+ Kf8 45. Rg6 Ra2+ 46. Kb1 Rf2 47. Rxh6 Rxf4 48. Rf6+ Ke7 49. Rc6 Kd7 50. Rf6 Rf3 51. Rf7+ Kd6 52. h6 Rxc3 53. h7 Rh3 54. Kb2 Rh2+ 55. Kc3 b2 56. h8Q b1N+ 57. Kxc4 Rxh8 58. Rf6+ Ke5 59. Rc6 Rh7 60. Rc5+ Kf6 61. Kd3 Rd7+ 62. Ke4 Nd2+ 63. Kf4 Nb3 64. Rc6+ Kf7 65. Kg5 Nd4 66. Rf6+ Ke7 67. Rh6 Rd5 68. Rh7+ Kd6 69. Rh6+ Kc5 0-1

[Event "Dortmund Helmut Kohl"]
[Site "Dortmund"]
[Date "2015.07.02"]
[Round "6"]
[White "Ramien, David"]
[Black "Holtel, Jasper"]
[Result "1/2-1/2"]
[WhiteElo "2069"]
[BlackElo "2044"]
[PlyCount "39"]
[EventDate "2015.06.27"]
[EventType "tourn"]
[EventRounds "9"]
[EventCountry "GER"]
[SourceTitle "CBM 167 Extra"]
[Source "ChessBase"]
[SourceDate "2015.09.14"]
[SourceVersion "1"]
[SourceVersionDate "2015.09.14"]
[SourceQuality "1"]

1. e4 c5 2. Nf3 d6 3. Nc3 Nf6 4. e5 dxe5 5. Nxe5 Nbd7 6. Nc4 e6 7. Be2 Be7 8. 0-0 0-0 9. d4 cxd4 10. Qxd4 Nb6 11. Qxd8 Bxd8 12. Nxb6 Bxb6 13. Bf3 Ba5 14. Nb5 Nd5 15. a3 a6 16. Nd6 Rd8 17. Nc4 Bc7 18. Rd1 b5 19. Ne3 Bb7 20. Nxd5 1/2-1/2

[Event "Dortmund Helmut Kohl"]
[Site "Dortmund"]
[Date "2015.06.28"]
[Round "2"]
[White "Ramien, David"]
[Black "Bjerre, Jonas Buhl"]
[Result "1/2-1/2"]
[WhiteElo "2069"]
[BlackElo "2083"]
[PlyCount "92"]
[EventDate "2015.06.27"]
[EventType "tourn"]
[EventRounds "9"]
[EventCountry "GER"]
[SourceTitle "CBM 167 Extra"]
[Source "ChessBase"]
[SourceDate "2015.09.14"]
[SourceVersion "1"]
[SourceVersionDate "2015.09.14"]
[SourceQuality "1"]

1. e4 c5 2. Nf3 e6 3. d4 cxd4 4. Nxd4 Nc6 5. Nb5 d6 6. c4 Nf6 7. N5c3 Be7 8. Be2 0-0 9. 0-0 a6 10. Be3 Ne5 11. f4 Ned7 12. Nd2 b6 13. Bf3 Bb7 14. Kh1 Qc7 15. Qe2 Rac8 16. Bf2 Qb8 17. Bh4 Bd8 18. e5 Ne8 19. Bxb7 Qxb7 20. Bg3 Bc7 21. Rad1 dxe5 22. fxe5 Qc6 23. Nf3 Bb8 24. b3 a5 25. Nd4 Qb7 26. Ncb5 Rc5 27. Nf3 g6 28. Nc3 Ng7 29. Qe4 Qc8 30. Qd4 Rc7 31. Ne4 Nf5 32. Qd2 Nxg3+ 33. hxg3 f5 34. Nd6 Qd8 35. Qh6 Qe7 36. Rd4 Rc5 37. Nb7 Rxe5 38. Rfd1 Nf6 39. Rd8 Re8 40. Nxe5 Bxe5 41. Qe3 Bc7 42. Rxe8+ Nxe8 43. c5 b5 44. c6 Nf6 45. Qg5 Kf7 46. Qe3 Kg7 1/2-1/2

[Event "Dortmund Helmut Kohl"]
[Site "Dortmund"]
[Date "2015.06.27"]
[Round "1"]
[White "Ramien, David"]
[Black "Vereggen, Lars"]
[Result "0-1"]
[WhiteElo "2069"]
[BlackElo "2307"]
[PlyCount "98"]
[EventDate "2015.06.27"]
[EventType "tourn"]
[EventRounds "9"]
[EventCountry "GER"]
[SourceTitle "CBM 167 Extra"]
[Source "ChessBase"]
[SourceDate "2015.09.14"]
[SourceVersion "1"]
[SourceVersionDate "2015.09.14"]
[SourceQuality "1"]

1. e4 c5 2. Nf3 d6 3. d4 cxd4 4. Nxd4 Nf6 5. Nc3 Nc6 6. Be2 e6 7. 0-0 Be7 8. Be3 0-0 9. Qe1 Nxd4 10. Bxd4 e5 11. Be3 a6 12. Rd1 b5 13. Bg5 Be6 14. Kh1 Qc7 15. Bd3 b4 16. Bxf6 Bxf6 17. Nd5 Bxd5 18. exd5 a5 19. f3 g6 20. Qe3 Bg7 21. g4 Rae8 22. Rd2 e4 23. fxe4 Bxb2 24. Rdf2 Qe7 25. Qb6 Ra8 26. Rf3 Be5 27. Qf2 Rac8 28. g5 Rc3 29. Qh4 h5 30. Rf6 a4 31. R6f3 Ra3 32. Bc4 Rxf3 33. Rxf3 Rc8 34. Bd3 Rc3 35. Kg2 Ra3 36. Bc4 b3 37. axb3 Ra2 38. Rf2 a3 39. b4 Rb2 40. Bb3 a2 41. Rf1 Rxb3 42. cxb3 a1Q 43. Rxa1 Bxa1 44. Qf4 Be5 45. Qe3 Qb7 46. Qd2 Qa6 47. Qc2 Bd4 48. Qc4 Qa2+ 49. Kh3 Be5 0-1